[Event "8. LGA Premium Cup 2011"]
[Site "Nürnberg"]
[Date "2011.09.10"]
[Round "5.23"]
[White "Hirschberg, Valerian"]
[Black "Milov, Leonid"]
[Result "1/2-1/2"]
[WhiteElo "2236"]
[BlackElo "2454"]
[PlyCount "77"]
[EventDate "2011.??.??"]
[WhiteTeam "Karlsruher SF 1853"]
[BlackTeam "SC Noris-Tarrasch Nürnberg 1873"]

1. Nf3 f5 2. c4 Nf6 3. g3 d6 4. d4 g6 5. Bg2 Bg7 6. O-O O-O 7. Nc3 Na6 8. Rb1
c6 9. b3 Rb8 10. a3 Nc7 11. Qc2 b5 12. Rd1 Bd7 13. Bb2 Qe8 14. d5 c5 15. Ba1 a6
16. Qd3 h6 17. h4 Qf7 18. e3 Rfd8 19. a4 e5 20. dxe6 Bxe6 21. axb5 axb5 22.
Nxb5 Nxb5 23. cxb5 Ne4 24. Nd2 Bxa1 25. Rxa1 Nxd2 26. Rxd2 Bxb3 27. Bd5 Bxd5
28. Qxd5 Qxd5 29. Rxd5 Kf7 30. Ra6 Ke7 31. h5 Rxb5 32. f4 gxh5 33. Rxf5 Rb2 34.
Rxh5 Rg8 35. Rxh6 Rxg3+ 36. Kf1 Rf3+ 37. Kg1 Rg3+ 38. Kf1 Rf3+ 39. Kg1 1/2-1/2

[Event "8. LGA Premium Cup 2011"]
[Site "Nürnberg"]
[Date "2011.09.10"]
[Round "5.24"]
[White "Promyshlyanskyy, Vitaliy"]
[Black "Siebrecht, Sebastian"]
[Result "0-1"]
[WhiteElo "2182"]
[BlackElo "2459"]
[PlyCount "74"]
[EventDate "2011.??.??"]
[WhiteTeam "SC Noris-Tarrasch Nürnberg 1873"]
[BlackTeam "Sportfreunde Katernberg 1913 e.V"]

1. e4 c5 2. Nc3 e6 3. f4 a6 4. Nf3 b5 5. Qe2 Bb7 6. g3 Ne7 7. Bg2 Nbc6 8. d3
Nd4 9. Qf2 Nec6 10. Be3 Rc8 11. O-O Nxf3+ 12. Bxf3 Nd4 13. Bg2 Be7 14. Nd1 d6
15. c3 Nc6 16. g4 O-O 17. Qg3 e5 18. g5 exf4 19. Bxf4 Ne5 20. Nf2 Rc7 21. h4 f6
22. Bxe5 dxe5 23. gxf6 Bxf6 24. Ng4 Kh8 25. Nxe5 Re8 26. Nf3 Rd7 27. e5 Bxf3
28. Rxf3 Bxe5 29. Qh3 b4 30. Raf1 Bf6 31. Qf5 bxc3 32. bxc3 Rd5 33. Qh3 Rh5 34.
Rf4 Bxc3 35. Bc6 Rg8 36. Qd7 Bf6 37. Qf7 Rh6 0-1

[Event "8. LGA Premium Cup 2011"]
[Site "Nürnberg"]
[Date "2011.09.10"]
[Round "5.26"]
[White "Hirneise, Tobias"]
[Black "Seibold, Hubert"]
[Result "1-0"]
[WhiteElo "2446"]
[BlackElo "2146"]
[PlyCount "45"]
[EventDate "2011.??.??"]
[WhiteTeam "SV Wattenscheid 1930"]
[BlackTeam "SK Zirndorf e.V."]

1. e4 c5 2. Nf3 Nc6 3. d4 cxd4 4. Nxd4 e6 5. Nc3 a6 6. Be2 Qc7 7. Be3 Nf6 8. a3
Be7 9. f4 d6 10. g4 b6 11. g5 Nd7 12. O-O Bb7 13. f5 Nxd4 14. Qxd4 e5 15. Qd2
b5 16. Kh1 Nb6 17. Bxb6 Qxb6 18. Nd5 Bxd5 19. Qxd5 Ra7 20. f6 gxf6 21. gxf6 Bd8
22. Rad1 Rg8 23. Qd2 1-0

[Event "8. LGA Premium Cup 2011"]
[Site "Nürnberg"]
[Date "2011.09.10"]
[Round "5.29"]
[White "Eisenbeiser, Amadeus"]
[Black "Schuster, Karsten"]
[Result "0-1"]
[WhiteElo "2405"]
[BlackElo "2197"]
[PlyCount "58"]
[EventDate "2011.??.??"]
[WhiteTeam "BG Buchen"]
[BlackTeam "SC Gröbenzell"]

1. e4 c6 2. d4 d5 3. Nc3 dxe4 4. Nxe4 Nd7 5. Nf3 Ngf6 6. Nc3 Nb6 7. Ne5 Be6 8.
Bf4 g6 9. Qd2 Nbd5 10. Nxd5 Nxd5 11. Bg3 h5 12. h3 Bh6 13. f4 Bf5 14. Bc4 Qb6
15. c3 f6 16. Nd3 O-O-O 17. Qf2 e5 18. Bxd5 Rxd5 19. Nb4 Rxd4 20. cxd4 Qxb4+
21. Kf1 exd4 22. Kg1 d3 23. Kh2 h4 24. Bxh4 Bxf4+ 25. Bg3 Bxg3+ 26. Qxg3 Qxb2
27. Rhd1 Rxh3+ 28. Qxh3 Bxh3 29. Kxh3 d2 0-1

[Event "8. LGA Premium Cup 2011"]
[Site "Nürnberg"]
[Date "2011.09.10"]
[Round "5.31"]
[White "Zelbel, Patrick"]
[Black "Mader, Manuela"]
[Result "0-1"]
[WhiteElo "2390"]
[BlackElo "2167"]
[PlyCount "30"]
[EventDate "2011.??.??"]
[WhiteTeam "SC Hansa Dortmund e.V."]
[BlackTeam "SK 1926 Ettlingen"]

1. e4 c6 2. d4 d5 3. Nc3 dxe4 4. Nxe4 Bf5 5. Ng3 Bg6 6. h4 h6 7. Nh3 e6 8. Nf4
Bh7 9. Bc4 Nf6 10. O-O Nd5 11. Qg4 Nxf4 12. Bxf4 Nd7 13. Nh5 Nf6 14. Nxg7+ Bxg7
15. Qxg7 Rg8 0-1

[Event "8. LGA Premium Cup 2011"]
[Site "Nürnberg"]
[Date "2011.09.10"]
[Round "5.32"]
[White "Guthmann, Peter"]
[Black "Donchenko, Anatoly"]
[Result "1/2-1/2"]
[WhiteElo "2190"]
[BlackElo "2329"]
[PlyCount "48"]
[EventDate "2011.??.??"]
[WhiteTeam "FC Gunzenhausen 1910 e.V"]
[BlackTeam "SK 1858 Gießen"]

1. e4 c5 2. Nf3 e6 3. d3 Nc6 4. g3 Nf6 5. Bg2 Be7 6. O-O d6 7. c3 Rb8 8. Nbd2
O-O 9. Qe2 b5 10. a3 a5 11. d4 cxd4 12. Nxd4 Nxd4 13. cxd4 Qb6 14. e5 Nd5 15.
Qg4 dxe5 16. dxe5 Qc7 17. Nf3 Kh8 18. Qh5 Bb7 19. Re1 Qc2 20. Bg5 Qg6 21. Qxg6
fxg6 22. Bxe7 Nxe7 23. Rac1 Rbc8 24. Nd4 Bxg2 1/2-1/2

[Event "8. LGA Premium Cup 2011"]
[Site "Nürnberg"]
[Date "2011.09.10"]
[Round "5.34"]
[White "Grafe, Wilhelm"]
[Black "Wichmann, Cliff"]
[Result "0-1"]
[WhiteElo "2182"]
[BlackElo "2320"]
[PlyCount "52"]
[EventDate "2011.??.??"]
[WhiteTeam "SC Forchheim e.V."]
[BlackTeam "ESV Nickelhütte Aue"]

1. Nf3 d5 2. d4 Nf6 3. g3 c5 4. c4 dxc4 5. Qa4+ Qd7 6. Qxc4 cxd4 7. Nxd4 e5 8.
Nc2 b5 9. Qc3 Bb7 10. Qxe5+ Be7 11. f3 O-O 12. Qd4 Qc8 13. Qc3 Nc6 14. Kf2 Nd5
15. Qe1 Re8 16. Nc3 Ncb4 17. Nxb4 Bxb4 18. Bd2 Qc5+ 19. Kg2 Ne3+ 20. Bxe3 Rxe3
21. Qc1 Bxc3 22. bxc3 Rae8 23. Qd2 Rxc3 24. Qf4 Rc4 25. e4 Rc2+ 26. Kh3 Qh5+
0-1

[Event "8. LGA Premium Cup 2011"]
[Site "Nürnberg"]
[Date "2011.09.10"]
[Round "5.35"]
[White "Mons, Leon"]
[Black "Adelhütte, Dennis"]
[Result "1-0"]
[WhiteElo "2325"]
[BlackElo "1950"]
[PlyCount "43"]
[EventDate "2011.??.??"]
[WhiteTeam "SC Forchheim e.V."]
[BlackTeam "SC Erlangen 48/88 e.V."]

1. e4 e6 2. d4 d5 3. Nc3 Nf6 4. Bg5 Be7 5. e5 Nfd7 6. h4 h6 7. Bxe7 Qxe7 8. Bd3
a6 9. Qg4 g6 10. f4 h5 11. Qg3 c5 12. dxc5 Nxc5 13. O-O-O Nxd3+ 14. Rxd3 Nc6
15. Nf3 Bd7 16. Rxd5 O-O 17. Rd2 Na5 18. Ne4 Ba4 19. Nf6+ Kg7 20. Nxh5+ Kh8 21.
Nf6 Nc4 22. h5 1-0

[Event "8. LGA Premium Cup 2011"]
[Site "Nürnberg"]
[Date "2011.09.10"]
[Round "5.40"]
[White "Huss, Rolf"]
[Black "Baumann, Mathias"]
[Result "1-0"]
[WhiteElo "2057"]
[BlackElo "1859"]
[PlyCount "41"]
[EventDate "2011.??.??"]
[WhiteTeam "SC Fulda"]
[BlackTeam "Spvg Zabo-Eintracht Nürnberg e.V"]

1. d4 Nf6 2. c4 e6 3. Nf3 Bb4+ 4. Bd2 Qe7 5. Qc2 Bxd2+ 6. Nbxd2 Nc6 7. e4 d6 8.
Be2 a5 9. O-O O-O 10. e5 Nd7 11. Qe4 f5 12. exf6 Nxf6 13. Qh4 e5 14. d5 Nd8 15.
Bd3 g6 16. Rae1 Re8 17. Ng5 Nf7 18. f4 Nh5 19. g4 Nxg5 20. fxg5 Nf4 21. Rxf4
1-0

[Event "8. LGA Premium Cup 2011"]
[Site "Nürnberg"]
[Date "2011.09.10"]
[Round "5.44"]
[White "Hirschinger, Thomas"]
[Black "Meier, Volker"]
[Result "0-1"]
[WhiteElo "2029"]
[BlackElo "2242"]
[PlyCount "94"]
[EventDate "2011.??.??"]
[WhiteTeam "SK Landau"]
[BlackTeam "SC Tarrasch 45 München"]

1. d4 Nf6 2. g3 g6 3. Bg2 Bg7 4. Nf3 O-O 5. O-O d6 6. c4 Nbd7 7. Nc3 e5 8. b3
Re8 9. Bb2 c6 10. dxe5 dxe5 11. Qc2 Qc7 12. Rfd1 a5 13. Ba3 e4 14. Bd6 Qb6 15.
Ng5 e3 16. f4 Nc5 17. Na4 Nxa4 18. bxa4 Bf5 19. Qb3 Nd7 20. Rab1 Bxb1 21. Qxb1
Qxb1 22. Rxb1 Ra7 23. Ne4 b6 24. c5 Bd4 25. cxb6 Bxb6 26. Rxb6 Rxe4 27. Bxe4
Nxb6 28. Bc5 Rb7 29. Bxc6 Rc7 30. Bxb6 Rxc6 31. Bxa5 Rc2 32. Kf1 Rxa2 33. Bb6
Rxa4 34. Bxe3 f5 35. Kf2 Kf7 36. Bb6 Ra3 37. e3 Ra2+ 38. Kf3 Rxh2 39. e4 Rb2
40. Be3 Rb3 41. e5 Ke6 42. Kf2 Kd5 43. Ba7 Rb7 44. Be3 Ke4 45. Bc5 Rb2+ 46. Ke1
Kf3 47. e6 Re2+ 0-1

[Event "8. LGA Premium Cup 2011"]
[Site "Nürnberg"]
[Date "2011.09.10"]
[Round "5.45"]
[White "Siedentopf, Daniel"]
[Black "Kotz, Reinhard"]
[Result "1-0"]
[WhiteElo "2237"]
[BlackElo "2118"]
[PlyCount "77"]
[EventDate "2011.??.??"]
[WhiteTeam "SG Grün-Weiß Dresden"]
[BlackTeam "SV Puschendorf 1949 e.V."]

1. d4 Nf6 2. c4 c5 3. d5 b5 4. cxb5 d6 5. Nc3 a6 6. bxa6 Bxa6 7. Nf3 g6 8. g3
Bg7 9. Bg2 O-O 10. O-O Nbd7 11. Rb1 Qa5 12. Bd2 Rab8 13. b3 Ng4 14. Qc1 Nge5
15. Nxe5 Nxe5 16. a4 Bc8 17. Qc2 Bf5 18. e4 Bg4 19. f4 c4 20. fxe5 Qc5+ 21. Kh1
cxb3 22. Rxb3 Bxe5 23. Rxb8 Rxb8 24. Rc1 Rc8 25. Qd3 Qa3 26. h3 Bd7 27. Bf1 f5
28. Bg2 Kg7 29. Qe3 Bf6 30. exf5 Bxf5 31. Ne4 Rxc1+ 32. Bxc1 Qxa4 33. Nxf6 Kxf6
34. Kh2 h5 35. Qc3+ Kf7 36. Bg5 e5 37. dxe6+ Kxe6 38. Qc8+ Kf7 39. Bd5+ 1-0

[Event "8. LGA Premium Cup 2011"]
[Site "Nürnberg"]
[Date "2011.09.10"]
[Round "5.47"]
[White "Schöneberg, Manfred"]
[Black "Troyke, Doreen"]
[Result "1-0"]
[WhiteElo "2230"]
[BlackElo "2079"]
[PlyCount "47"]
[EventDate "2011.??.??"]
[WhiteTeam "SG Leipzig"]
[BlackTeam "Erfurter SK"]

1. e4 c5 2. Nf3 d6 3. d4 cxd4 4. Qxd4 Nc6 5. Bb5 Bd7 6. Bxc6 Bxc6 7. Nc3 Nf6 8.
Bg5 e5 9. Qd3 Be7 10. O-O-O Qc7 11. Bxf6 gxf6 12. Nh4 O-O-O 13. Nf5 Kb8 14. Kb1
Rhg8 15. g3 Bf8 16. Ne3 Rg6 17. Ncd5 Qa5 18. h4 h5 19. Qe2 Bh6 20. Nf5 Qa4 21.
Nc3 Qb4 22. a3 Qc5 23. Qxh5 Qxf2 24. Nxh6 1-0

[Event "8. LGA Premium Cup 2011"]
[Site "Nürnberg"]
[Date "2011.09.10"]
[Round "5.53"]
[White "Kesik, Klaus-Dieter"]
[Black "Seeger, Peter"]
[Result "1-0"]
[WhiteElo "2201"]
[BlackElo "2079"]
[PlyCount "29"]
[EventDate "2011.??.??"]
[WhiteTeam "SC Hoyerswerda"]
[BlackTeam "SC Noris-Tarrasch Nürnberg 1873"]

1. d4 Nf6 2. Nf3 g6 3. Nc3 d5 4. Bf4 Bg7 5. e3 O-O 6. Be2 b6 7. Ne5 Bb7 8. h4
Ne4 9. h5 Nd7 10. hxg6 fxg6 11. Nxe4 Bxe5 12. dxe5 dxe4 13. Bc4+ Kh8 14. Qg4
Rf5 15. Qxg6 1-0

[Event "8. LGA Premium Cup 2011"]
[Site "Nürnberg"]
[Date "2011.09.10"]
[Round "5.59"]
[White "Götz, Heiko"]
[Black "Werner, Thomas"]
[Result "1/2-1/2"]
[WhiteElo "2112"]
[BlackElo "1930"]
[PlyCount "52"]
[EventDate "2011.??.??"]
[WhiteTeam "SV Mendig-Mayen e.V."]
[BlackTeam "SW Nürnberg Süd e.V."]

1. Nc3 c6 2. f4 d5 3. d3 Nf6 4. Nf3 Bg4 5. e3 e6 6. h3 Bxf3 7. Qxf3 Bd6 8. e4
dxe4 9. dxe4 Bc7 10. Bd2 Nbd7 11. g4 g6 12. O-O-O Qe7 13. Bg2 e5 14. Rhf1 O-O-O
15. f5 Rdf8 16. Bh6 Rfg8 17. fxg6 fxg6 18. h4 Ne8 19. g5 Nd6 20. Bh3 Kb8 21.
Qg4 Rd8 22. Rf3 Rhe8 23. Rdf1 Nc5 24. Rf6 Ba5 25. Qg1 Bxc3 26. Qxc5 Bd2+
1/2-1/2

[Event "8. LGA Premium Cup 2011"]
[Site "Nürnberg"]
[Date "2011.09.10"]
[Round "5.61"]
[White "Klek, Hanna-Marie"]
[Black "Rausch, Wolfgang sr"]
[Result "1-0"]
[WhiteElo "2160"]
[BlackElo "1863"]
[PlyCount "65"]
[EventDate "2011.??.??"]
[WhiteTeam "SC Erlangen 48/88 e.V."]
[BlackTeam "SC Noris-Tarrasch Nürnberg 1873"]

1. e4 Nf6 2. e5 Nd5 3. c4 Nb6 4. d4 d6 5. f4 Bf5 6. Nc3 e6 7. Be3 dxe5 8. fxe5
Nc6 9. Be2 Nb4 10. Rc1 c5 11. Nf3 cxd4 12. Nxd4 Bg6 13. a3 Nc6 14. Nxc6 bxc6
15. Qxd8+ Rxd8 16. Bf3 Rc8 17. Bxb6 axb6 18. Na4 Be7 19. Nxb6 Rc7 20. c5 O-O
21. Ke2 Bg5 22. Rcd1 Bf4 23. Nc4 Bc2 24. Rd4 Bg5 25. Na5 Ra8 26. Nxc6 Rac8 27.
h4 Bh6 28. b4 Ba4 29. Na5 Bb5+ 30. Kf2 Kf8 31. Ra1 Ke8 32. a4 Bd7 33. c6 1-0

[Event "8. LGA Premium Cup 2011"]
[Site "Nürnberg"]
[Date "2011.09.10"]
[Round "5.69"]
[White "Lodes, Hermann"]
[Black "Duensing, Hartwig"]
[Result "1-0"]
[WhiteElo "2060"]
[BlackElo "1629"]
[PlyCount "51"]
[EventDate "2011.??.??"]
[BlackTeam "Krostitzer SV"]

1. e4 c5 2. Nf3 Nc6 3. d4 cxd4 4. Nxd4 Nf6 5. Nc3 e5 6. Ndb5 d6 7. Bg5 a6 8.
Na3 b5 9. Nd5 Be7 10. Bxf6 Bxf6 11. c3 Bg5 12. Nc2 Be6 13. a4 bxa4 14. Rxa4 a5
15. b4 O-O 16. b5 Ne7 17. Bc4 Nxd5 18. Bxd5 Bxd5 19. Qxd5 Kh8 20. O-O f5 21.
exf5 Rxf5 22. Nd4 exd4 23. Qxf5 dxc3 24. b6 Bd2 25. b7 Rb8 26. Rc4 1-0

[Event "8. LGA Premium Cup 2011"]
[Site "Nürnberg"]
[Date "2011.09.10"]
[Round "5.70"]
[White "Feldheim, Jonas"]
[Black "Frey, Alisa"]
[Result "1/2-1/2"]
[WhiteElo "1987"]
[BlackElo "2085"]
[PlyCount "41"]
[EventDate "2011.??.??"]
[WhiteTeam "SC Erlangen 48/88 e.V."]
[BlackTeam "SC Eppingen"]

1. e4 e5 2. Nf3 Nc6 3. Bb5 a6 4. Bxc6 dxc6 5. d4 exd4 6. Qxd4 Qxd4 7. Nxd4 Nf6
8. f3 Bc5 9. Nb3 Bd6 10. Be3 O-O 11. N1d2 Re8 12. Kf2 b6 13. Nc4 Bf8 14. Bf4
Be6 15. Ne3 Bd6 16. Bxd6 cxd6 17. Nd4 Rac8 18. Rhd1 d5 19. exd5 Nxd5 20. Nxe6
Nxe3 21. Kxe3 1/2-1/2

[Event "8. LGA Premium Cup 2011"]
[Site "Nürnberg"]
[Date "2011.09.10"]
[Round "5.71"]
[White "Weißbeck, Wolf-Dieter"]
[Black "Seidel, Michael"]
[Result "0-1"]
[WhiteElo "1705"]
[BlackElo "1925"]
[PlyCount "45"]
[EventDate "2011.??.??"]
[WhiteTeam "SV Alsfeld"]
[BlackTeam "PTSV SK Hof 1892"]

1. d4 Nf6 2. Nf3 g6 3. Bf4 Bg7 4. e3 d6 5. Bd3 O-O 6. Nbd2 Nbd7 7. h4 Qe8 8. h5
e5 9. hxg6 hxg6 10. Bh6 e4 11. Bxg7 Kxg7 12. Nxe4 Nxe4 13. Qe2 Ndf6 14. O-O-O
Bg4 15. Rh4 Rh8 16. Rdh1 Qa4 17. Rxh8 Rxh8 18. Rxh8 Qxa2 19. c3 Kxh8 20. Bc4
Qa1+ 21. Kc2 d5 22. Bb3 Bf5 23. Nh4 0-1

[Event "8. LGA Premium Cup 2011"]
[Site "Nürnberg"]
[Date "2011.09.10"]
[Round "5.77"]
[White "Walter, Thomas"]
[Black "Thürauf, Peter"]
[Result "1-0"]
[WhiteElo "2081"]
[BlackElo "1854"]
[PlyCount "31"]
[EventDate "2011.??.??"]
[WhiteTeam "SC Erlangen 48/88 e.V."]
[BlackTeam "SW Nürnberg Süd e.V."]

1. e4 c5 2. Nf3 e6 3. b3 Nc6 4. Bb2 d6 5. a4 Nf6 6. Nc3 Be7 7. Bb5 Bd7 8. Qe2
Qc7 9. O-O-O Nd4 10. Bxd7+ Qxd7 11. Nxd4 cxd4 12. Nb5 e5 13. f4 a6 14. Na3 Rc8
15. Nc4 b5 16. Nb6 1-0

[Event "8. LGA Premium Cup 2011"]
[Site "Nürnberg"]
[Date "2011.09.10"]
[Round "5.78"]
[White "Ortpaul, Mario"]
[Black "Leis, Stefan"]
[Result "1/2-1/2"]
[WhiteElo "1914"]
[BlackElo "1909"]
[PlyCount "52"]
[EventDate "2011.??.??"]
[WhiteTeam "SK Werther"]
[BlackTeam "SC Mühlhof-Reichelsdorf e.V."]

1. c3 d6 2. d4 f5 3. Nf3 Nf6 4. g3 c6 5. Bg2 g6 6. O-O Bg7 7. Nbd2 O-O 8. b3
Qe8 9. Bb2 Na6 10. c4 Rb8 11. Re1 Ne4 12. Nxe4 fxe4 13. Nd2 d5 14. cxd5 cxd5
15. f3 exf3 16. exf3 Nb4 17. Nf1 Bf5 18. Ne3 Rc8 19. Nxf5 Rxf5 20. Bh3 Nc2 21.
Bxf5 gxf5 22. Qe2 Nxe1 23. Qe6+ Kh8 24. Rxe1 Rc2 25. Qxe7 Qxe7 26. Rxe7 Kg8
1/2-1/2

[Event "8. LGA Premium Cup 2011"]
[Site "Nürnberg"]
[Date "2011.09.10"]
[Round "5.81"]
[White "Berger, Stefan"]
[Black "Holzmayr, Norbert"]
[Result "1-0"]
[WhiteElo "2009"]
[BlackElo "1840"]
[PlyCount "39"]
[EventDate "2011.??.??"]
[WhiteTeam "SC Réti"]
[BlackTeam "SV Ilmmünster"]

1. Nf3 Nf6 2. d4 c5 3. c3 e6 4. e3 b6 5. Nbd2 Bb7 6. Bd3 cxd4 7. exd4 Qc7 8.
Qe2 Bd6 9. O-O h6 10. Ne5 h5 11. Ndc4 Bxe5 12. dxe5 Ng8 13. Nd6+ Ke7 14. b3 Nc6
15. Ba3 Kd8 16. Nxf7+ Ke8 17. Bd6 Qc8 18. Nxh8 Nce7 19. Qxh5+ Kd8 20. Qf7 1-0

[Event "8. LGA Premium Cup 2011"]
[Site "Nürnberg"]
[Date "2011.09.10"]
[Round "5.82"]
[White "Hartmann, Thomas"]
[Black "Meulner, Fabian"]
[Result "1-0"]
[WhiteElo "1932"]
[BlackElo "1712"]
[PlyCount "49"]
[EventDate "2011.??.??"]
[WhiteTeam "SC Weisse Dame Ulm e.V."]
[BlackTeam "SW Nürnberg Süd e.V."]

1. d4 Nf6 2. c4 e6 3. Nc3 Bb4 4. Qc2 d5 5. Bg5 c5 6. Nf3 Qa5 7. Bxf6 gxf6 8.
cxd5 exd5 9. e3 Bg4 10. Be2 Nc6 11. O-O O-O-O 12. a3 Bxc3 13. bxc3 Rdg8 14.
Rfb1 Rg6 15. Nh4 Bxe2 16. Nxg6 hxg6 17. Qxe2 Qc7 18. Qg4+ f5 19. Qg3 Qe7 20.
Rb5 cxd4 21. cxd4 Qe4 22. Rc1 Rh4 23. Rxc6+ bxc6 24. Qb8+ Kd7 25. Rb7+ 1-0

[Event "8. LGA Premium Cup 2011"]
[Site "Nürnberg"]
[Date "2011.09.10"]
[Round "5.85"]
[White "Süß, Helmut"]
[Black "Heinz, Friedrich"]
[Result "1-0"]
[WhiteElo "1871"]
[BlackElo "1722"]
[PlyCount "66"]
[EventDate "2011.??.??"]
[WhiteTeam "SC Noris-Tarrasch Nürnberg 1873"]
[BlackTeam "SV Alsfeld"]

1. d4 d5 2. Nf3 Nf6 3. Bg5 Bg4 4. h3 Bh5 5. e3 e6 6. c3 Be7 7. Qb3 b6 8. Nbd2
O-O 9. g4 Bg6 10. Ne5 Ne4 11. Bxe7 Nxd2 12. Bxd8 Nxb3 13. axb3 Rxd8 14. Nxg6
hxg6 15. b4 Nd7 16. Bb5 Nb8 17. Kd2 c6 18. Bd3 Nd7 19. Ra2 Nf6 20. Rha1 Rd7 21.
Ra6 Rb7 22. f3 g5 23. e4 Nd7 24. exd5 exd5 25. Bf5 Nb8 26. R6a2 Nd7 27. Bxd7
Rxd7 28. Ra6 Re7 29. Re1 Rae8 30. Rxe7 Rxe7 31. b3 g6 32. c4 f5 33. c5 Rb7 1-0

[Event "8. LGA Premium Cup 2011"]
[Site "Nürnberg"]
[Date "2011.09.10"]
[Round "5.87"]
[White "Sieber, Heiko"]
[Black "Hirschberg, Leander"]
[Result "1-0"]
[WhiteElo "1921"]
[BlackElo "1745"]
[PlyCount "87"]
[EventDate "2011.??.??"]
[WhiteTeam "PTSV SK Hof 1892"]
[BlackTeam "SV Pfinztal e. V."]

1. d4 d5 2. Nf3 Nf6 3. c4 e6 4. Nc3 c5 5. Bg5 dxc4 6. Qa4+ Nc6 7. Qxc4 Nxd4 8.
Nxd4 Qxd4 9. Qxd4 cxd4 10. Nb5 Nd5 11. Nxd4 Bb4+ 12. Bd2 Bxd2+ 13. Kxd2 O-O 14.
Rd1 Bd7 15. Kc1 Rac8+ 16. Kb1 Bc6 17. e4 Nb6 18. f3 e5 19. Nf5 Rc7 20. Be2 g6
21. Nh6+ Kg7 22. Ng4 f6 23. Rd6 Bd7 24. Ne3 Rfc8 25. Rhd1 Kf7 26. Nc4 Nxc4 27.
Bxc4+ Ke7 28. Bb3 Bb5 29. Re6+ Kf8 30. Rxf6+ Kg7 31. Rfd6 Rc5 32. a4 Bc6 33.
Be6 Bxa4 34. b3 Rb5 35. Ka2 Rc2+ 36. Ka3 Bxb3 37. Bxb3 Rxg2 38. h4 Rg3 39. Rd7+
Kh6 40. Ka4 Rb6 41. Bg8 Ra6+ 42. Kb4 Rb6+ 43. Kc4 g5 44. Rxh7+ 1-0

[Event "8. LGA Premium Cup 2011"]
[Site "Nürnberg"]
[Date "2011.09.10"]
[Round "5.89"]
[White "Münzenberg, Dietrich"]
[Black "Beesk, Kevin"]
[Result "0-1"]
[WhiteElo "1598"]
[BlackElo "1673"]
[PlyCount "42"]
[EventDate "2011.??.??"]
[WhiteTeam "Spvg Zabo-Eintracht Nürnberg e.V"]
[BlackTeam "SK Neumarkt e.V."]

1. d4 Nf6 2. Bg5 e6 3. e4 h6 4. Bxf6 Qxf6 5. e5 Qd8 6. c3 d5 7. f4 c5 8. Nf3
Nc6 9. Bb5 Bd7 10. Bxc6 Bxc6 11. O-O cxd4 12. Nxd4 Bc5 13. Qc2 Bb5 14. Rd1 Rc8
15. a4 Ba6 16. Kh1 O-O 17. Nb3 Be3 18. f5 Qg5 19. fxe6 fxe6 20. Nd4 Bxd4 21. h4
Qxh4# 0-1